El Africa de Zigomar / (Record no. 16140)

MARC details
000 -LEADER
fixed length control field 00911nam a2200265Ia 4500
001 - CONTROL NUMBER
control field 57436630
003 - CONTROL NUMBER IDENTIFIER
control field OCoLC
005 - DATE AND TIME OF LATEST TRANSACTION
control field 20160815164123.0
008 - FIXED-LENGTH DATA ELEMENTS--GENERAL INFORMATION
fixed length control field 050117s2004 sp a j 000 1 spa d
020 ## - INTERNATIONAL STANDARD BOOK NUMBER
International Standard Book Number 9788484701804
040 ## - CATALOGING SOURCE
Original cataloging agency TEF
Transcribing agency TEF
Modifying agency JQJ
-- UtOrBLW
-- UtOrBLW
041 1# - LANGUAGE CODE
Language code of text/sound track or separate title spa
Language code of original fre
100 1# - MAIN ENTRY--PERSONAL NAME
Personal name Corentin, Philippe.
240 10 - UNIFORM TITLE
Uniform title <a href="Afrique de Zifomar.">Afrique de Zifomar.</a>
Language of a work Spanish.
245 13 - TITLE STATEMENT
Title El Africa de Zigomar /
Statement of responsibility, etc. Philippe Corentin ; [traducción al español, Anna Coll-Vinent.
250 ## - EDITION STATEMENT
Edition statement 1a. ed.
260 ## - PUBLICATION, DISTRIBUTION, ETC. (IMPRINT)
Place of publication, distribution, etc. Barcelona :
Name of publisher, distributor, etc. Corimbo,
Date of publication, distribution, etc. c2004.
300 ## - PHYSICAL DESCRIPTION
Extent 1 v. (unpaged) :
Other physical details col. ill. ;
Dimensions 31 cm.
520 ## - SUMMARY, ETC.
Summary, etc. Pipioli the mouse asks his friend Zigomar the blackbird to fly him to Africa, but the trip does not go as planned.
650 #0 - SUBJECT ADDED ENTRY--TOPICAL TERM
Topical term or geographic name as entry element Mice
Form subdivision Juvenile fiction.
650 #7 - SUBJECT ADDED ENTRY--TOPICAL TERM
Topical term or geographic name as entry element Ratones
Form subdivision Novela juvenil.
Source of heading or term bidex.
655 #0 - INDEX TERM--GENRE/FORM
Genre/form data or focus term Spanish language materials.
700 1# - ADDED ENTRY--PERSONAL NAME
Personal name Coll-Vinent, Ana.
942 ## - ADDED ENTRY ELEMENTS (KOHA)
Koha item type Libro/Book
Source of classification or shelving scheme Dewey Decimal Classification
Holdings
Withdrawn status Lost status Damaged status Not for loan Home library Current library Shelving location Date acquired Inventory number Total Checkouts Total Renewals Full call number Barcode Date last seen Date checked out Price effective from Koha item type
        San Juan Del Sur -- Biblioteca San Juan Del Sur -- Biblioteca Children's Area 15/08/2016 Inventory date: 15-5-25 12   E Cor 30024215 18/11/2024 18/11/2024 15/08/2016 Libro/Book

Powered by Koha